<?xml version="1.0" encoding="UTF-8"?>
<record
    xmlns:xsi="http://www.w3.org/2001/XMLSchema-instance"
    xsi:schemaLocation="http://www.loc.gov/MARC21/slim http://www.loc.gov/standards/marcxml/schema/MARC21slim.xsd"
    xmlns="http://www.loc.gov/MARC21/slim">

  <leader>01759nam a2200217   4500</leader>
  <controlfield tag="005">20260312141631.0</controlfield>
  <controlfield tag="008">260310b        |||||||| |||| 00| 0 eng d</controlfield>
  <datafield tag="020" ind1=" " ind2=" ">
    <subfield code="a">9780470414385</subfield>
  </datafield>
  <datafield tag="041" ind1=" " ind2=" ">
    <subfield code="a">English</subfield>
  </datafield>
  <datafield tag="082" ind1=" " ind2=" ">
    <subfield code="a">333.7</subfield>
    <subfield code="b">BOT</subfield>
  </datafield>
  <datafield tag="100" ind1=" " ind2=" ">
    <subfield code="a">Botkin Daniel B.</subfield>
    <subfield code="9">217127</subfield>
  </datafield>
  <datafield tag="245" ind1=" " ind2=" ">
    <subfield code="a">Environmental Science: Earth as a Living Planet</subfield>
  </datafield>
  <datafield tag="250" ind1=" " ind2=" ">
    <subfield code="a">7th</subfield>
  </datafield>
  <datafield tag="260" ind1=" " ind2=" ">
    <subfield code="a">Asia</subfield>
    <subfield code="b">John Wiley &amp; Sons, INC.</subfield>
    <subfield code="c">2010</subfield>
  </datafield>
  <datafield tag="300" ind1=" " ind2=" ">
    <subfield code="a">665</subfield>
  </datafield>
  <datafield tag="365" ind1=" " ind2=" ">
    <subfield code="b">391.30</subfield>
  </datafield>
  <datafield tag="521" ind1=" " ind2=" ">
    <subfield code="a">Chapter 1 Introduction to Environmental Science 
Chapter 2 The Scientific Method and Environmental Sciences 
Chapter 3 How to Think About Complex Systems 
Chapter 4 Introduction to Populations and to the Human Population 
Chapter 5 The Chemistry of Life 
Chapter 6 Ecosystem: The Unit that Sustains Life 
Chapter 7 Diversity of Life 
Chapter 8 Biomes 
Chapter 9 Ecological Energy Flow 
Chapter 10 Restoring Damaged Ecosystems 
Chapter 11 The Ecology of Food Production 
Chapter 12 Farming and the Environment 
Chapter 13 Forests and the Environment 
Chapter 14 Wildlife and the Environment 
Chapter 15 How the Environment Affects our Health 
Chapter 16 Chance and Catastrophes 
Chapter 17 Energy Concepts Important in Environmental Science 
Chapter 18 Oil, Natural Gas, and Coal 
Chapter 19 Wind, Solar, and Other New Sources of Energy 
Chapter 20 Nuclear Power 
Chapter 21 How We Obtain and Use Water 
Chapter 22 How We Pollute and Clean the Water 
Chapter 23 Global Warming 
Chapter 24 Air Pollution 
Chapter 25 The Air We Breathe Indoors 
Chapter 26 Mining and Environment 
Chapter 27 Environmental Economics 
Chapter 28 Cities as Environment 
Chapter 29 Treating Wastes 

</subfield>
  </datafield>
  <datafield tag="650" ind1=" " ind2=" ">
    <subfield code="a">Environment</subfield>
    <subfield code="9">217128</subfield>
  </datafield>
  <datafield tag="700" ind1=" " ind2=" ">
    <subfield code="a">Keller Edward A.</subfield>
    <subfield code="9">217129</subfield>
  </datafield>
  <datafield tag="942" ind1=" " ind2=" ">
    <subfield code="c">BK</subfield>
  </datafield>
  <datafield tag="999" ind1=" " ind2=" ">
    <subfield code="c">370641</subfield>
    <subfield code="d">370641</subfield>
  </datafield>
  <datafield tag="952" ind1=" " ind2=" ">
    <subfield code="0">0</subfield>
    <subfield code="1">0</subfield>
    <subfield code="2">ddc</subfield>
    <subfield code="4">0</subfield>
    <subfield code="7">0</subfield>
    <subfield code="a">SOFT</subfield>
    <subfield code="b">SOFT</subfield>
    <subfield code="d">2026-03-05</subfield>
    <subfield code="e">Amazon.in</subfield>
    <subfield code="g">391.30</subfield>
    <subfield code="i">EKME-27852</subfield>
    <subfield code="l">0</subfield>
    <subfield code="o">333.7 BOT</subfield>
    <subfield code="p">SOFT-BK-5004</subfield>
    <subfield code="r">2026-03-10 11:49:16</subfield>
    <subfield code="w">2026-02-23</subfield>
    <subfield code="y">BK</subfield>
  </datafield>
</record>
